Normal view
MARC view
- includes indes.
Entry Genre/Form Term
001 - CONTROL NUMBER
- control field: 1740
003 - CONTROL NUMBER IDENTIFIER
- control field: NUST
005 - DATE AND TIME OF LATEST TRANSACTION
- control field: 20170601092002.0
008 - FIXED-LENGTH DATA ELEMENTS
- fixed length control field: 170601|| aca||aabn | a|a d
040 ## - CATALOGING SOURCE
- Original cataloging agency: NUST
- Transcribing agency: NUST
155 ## - HEADING--GENRE/FORM TERM
- Genre/form term: includes indes.
670 ## - SOURCE DATA FOUND
- Source citation: Work cat.: (NUST)0: Lee Lanning, Michael 1739, The Military 100, 2000
